中國文字的故事

資料類型: Book 圖書   書目號:33907

Leader xxxxxxxxxx
001 __ PCLIS00033907
005 __ 20040325161139.39
010 0_ |a957-552-097-1|b精裝|dNT$150
100 __ |a20040325d1995    d  y0chiy09      e
101 0_ |achi
102 __ |atw
105 __ |aa   z   000yy
200 1_ |a中國文字的故事|f倪若水改寫|g李金枝主編
205 __ |a初版
210 __ |a臺北市|c益群|d民84[1995]
215 0_ |a[10], 175面|c|d22公分
225 1_ |a兒童圖書館
225 2_ |a中國古典文學全集|v5
300 __ |a國語注音
410 _1 |12001 |a中國古典文學全集
681 __ |a802.2|b8758
681 __ |a859.4|b8477 84
700 _1 |a|b若水|4改寫
702 _1 |a|b金枝|4主編
801 _0 |atw|b內湖高中|c20040325
801 _2 |atw|b內湖高中|c20211025|gCCR
詳細館藏(共 1 筆)
索 書 號登 錄 號冊次號館別 / 館藏地流通類型狀態加入預約清單電子資源
859.4 / 8477 1014148  圖書館 / 一樓普通區 可外借30天 在館   

| 條列資料




目錄查詢 分類查詢 個人資料 圖書薦購 新書查詢 閉館日 排行榜 更多電子資源 Hami書城 線上資料庫 登出

From : 216.73.216.116

  本日流通累計至 02:34:23 借閱 : 0 次 續借 : 0 次 歸還 : 0 次 預約 : 0 次 電子資源 : 0 次


內湖高中圖書館  PCLIS 版本  25.5.0.2